书目信息 |
| 题名: |
1977年在北京举行的三次按劳分配理论讨论会纪要汇编
|
|
| 作者: | 本社编 | |
| 分册: | ||
| 出版信息: | 北京 中国财政经济出版社 1978 |
|
| 页数: | 58页 | |
| 开本: | 20cm | |
| 丛书名: | ||
| 单 册: | ||
| 中图分类: | F046 | |
| 科图分类: | ||
| 主题词: | 社会主义社会--生产方式 | |
| 电子资源: | ||
| ISBN: | ||
| 000 | 00586nam0 2200181 450 | |
| 001 | 0635338296 | |
| 005 | 20060817095001.59 | |
| 010 | @dCNY0.18 | |
| 100 | @a20060817d1978 km y0chiy0120 ea | |
| 101 | 0 | @achi |
| 102 | @aCN@b110000 | |
| 200 | 1 | @a1977年在北京举行的三次按劳分配理论讨论会纪要汇编@A1977 nian zai bei jing ju xing de san ci an lao fen pei li lun tao lun hui ji yao hui bian@f本社编@Fben she bian |
| 210 | @a北京@c中国财政经济出版社@d1978 | |
| 215 | @a58页@d20cm | |
| 606 | 0 | @a社会主义社会@x生产方式 |
| 690 | @aF046@v3 | |
| 801 | 0 | @aCN@bPFT@c20060817 |
| 905 | @a10447@dF046@e101 | |
| 1977年在北京举行的三次按劳分配理论讨论会纪要汇编/本社编.-北京:中国财政经济出版社,1978 |
| 58页;20cm |
| ISBN :CNY0.18 |
| ● |
| 相关链接 |
|
|
|
|
正题名:1977年在北京举行的三次按劳分配理论讨论会纪要汇编
索取号:F046/101
 
预约/预借
| 序号 | 登录号 | 条形码 | 馆藏地/架位号 | 状态 | 备注 |
| 1 | 0465270 | 204652704 | 密集书库/ [索取号:F046/101] | 在馆 |